Les talents des Pokémons de la 8ème génération - Statistiques

Statistiques générales
  • Ce quiz a été pris 110 fois
  • Le résultat moyen est 214 sur 306
Statistiques - réponses
Talent Pokemon Réponse % Correct
Talent 1 Ouistempo Engrais
100%
Talent 1 Badabouin Engrais
100%
Talent 1 Gorythmic Engrais
100%
Talent 1 Flambino Brasier
96%
Talent 1 Lapyro Brasier
96%
Talent 1 Pyrobut Brasier
96%
Talent 1 Larméléon Torrent
96%
Talent 1 Arrozard Torrent
96%
Talent 1 Lézargus Torrent
96%
Talent 1 Corvaillus Pression
91%
Talent 1 Éthernatos Pression
91%
Talent 1 Farfurex Pression
91%
Talent 2 Wagomine Corps Ardent
87%
Talent 2 Monthracite Corps Ardent
87%
Talent caché Grillepattes Corps Ardent
87%
Talent caché Scolocendre Corps Ardent
87%
Talent caché Théffroi Corps Maudit
87%
Talent caché Polthégeist Corps Maudit
87%
Talent caché Fantyrm Corps Maudit
87%
Talent caché Dispareptil Corps Maudit
87%
Talent caché Lanssorien Corps Maudit
87%
Talent caché Khélocrok Glissade
87%
Talent caché Torgamord Glissade
87%
Talent 1 Embrochet Glissade
87%
Talent 1 Hastacuda Glissade
87%
Talent 1 Paragruel Glissade
87%
Talent 2 Qwilpik Glissade
87%
Talent caché Flambino Libéro
87%
Talent caché Lapyro Libéro
87%
Talent caché Pyrobut Libéro
87%
Talent caché Corvaillus Armure Miroir
83%
Talent 1 Rongourmand Bajoues
83%
Talent 1 Rongrigou Bajoues
83%
Talent 1 Bibichut Corps Sain
83%
Talent 1 Chapotus Corps Sain
83%
Talent 1 Sorcilence Corps Sain
83%
Talent 1 Fantyrm Corps Sain
83%
Talent 1 Dispareptil Corps Sain
83%
Talent 1 Lanssorien Corps Sain
83%
Talent caché Wimessir (M) Créa-Psy
83%
Talent caché Wimessir (F) Créa-Psy
83%
Talent 1 Zamazenta Égide Inflexible
83%
Talent 2 Fantyrm Infiltration
83%
Talent 2 Dispareptil Infiltration
83%
Talent 2 Lanssorien Infiltration
83%
Talent 1 Cerbyllin Intimidation
83%
Talent caché Qwilpik Intimidation
83%
Talent 1 Khélocrok Prognathe
83%
Talent 1 Torgamord Prognathe
83%
Talent 1 Fulgudog Prognathe
83%
Talent 2 Hydragon Prognathe
83%
Talent 1 Bekaglaçon Tête de Gel
83%
Talent caché Charbi Torche
83%
Talent caché Wagomine Torche
83%
Talent caché Monthracite Torche
83%
Talent 1 Grillepattes Torche
83%
Talent 1 Scolocendre Torche
83%
Talent 1 Théffroi Armurouillée
78%
Talent 1 Polthégeist Armurouillée
78%
Talent 1 Corayôme Armurouillée
78%
Talent 1 Moumouton Boule de Poils
78%
Talent 1 Moumouflon Boule de Poils
78%
Talent caché Amovénus (A) Contestation
78%
Talent caché Ouistempo Créa-Herbe
78%
Talent caché Badabouin Créa-Herbe
78%
Talent caché Gorythmic Créa-Herbe
78%
Talent 1 Grimalin Farceur
78%
Talent 1 Fourbelin Farceur
78%
Talent 1 Angoliath Farceur
78%
Talent caché Charibari Heavy Metal
78%
Talent caché Pachyradjah Heavy Metal
78%
Talent 2 Duralugon Heavy Metal
78%
Talent 1 Duralugon Light Metal
78%
Talent 1 Voltoutou Ramasse Ball
78%
Talent 2 Minisange Tension
78%
Talent 2 Bleuseille Tension
78%
Talent 2 Corvaillus Tension
78%
Talent 1 Sylveroy Tension
78%
Talent caché Ursaking Tension
78%
Talent caché Galvagon Baigne Sable
74%
Talent caché Hydragon Baigne Sable
74%
Talent caché M. Glaquette Corps Gel
74%
Talent 2 Hydragla Corps Gel
74%
Talent 2 Ixon Cran
74%
Talent 1 Ursaking Cran
74%
Talent caché Wattapik Créa-Élec
74%
Talent 1 Dunaja Expul'Sable
74%
Talent 1 Dunaconda Expul'Sable
74%
Talent 1 Goupilou Fuite
74%
Talent 1 Roublenard Fuite
74%
Talent 2 Moumouton Fuite
74%
Talent caché Rongourmand Gloutonnerie
74%
Talent caché Rongrigou Gloutonnerie
74%
Talent 2 Verpom Gloutonnerie
74%
Talent 2 Pomdrapi Gloutonnerie
74%
Talent 2 Dratatin Gloutonnerie
74%
Talent caché Dratatin Isograisse
74%
Talent 1 Shifours Poing Invisible
74%
Talent 1 Salarsen (A) Punk Rock
74%
Talent 1 Salarsen (G) Punk Rock
74%
Talent caché Larméléon Sniper
74%
Talent caché Arrozard Sniper
74%
Talent caché Lézargus Sniper
74%
Talent 1 Charbi Turbine
74%
Talent 1 Wagomine Turbine
74%
Talent 1 Monthracite Turbine
74%
Talent 2 Ouistempo X
74%
Talent 2 Badabouin X
74%
Talent 2 Gorythmic X
74%
Talent 2 Flambino X
74%
Talent 2 Lapyro X
74%
Talent 2 Pyrobut X
74%
Talent 2 Larméléon X
74%
Talent 2 Arrozard X
74%
Talent 2 Lézargus X
74%
Talent 2 Rongourmand X
74%
Talent 2 Rongrigou X
74%
Talent 2 Voltoutou X
74%
Talent 2 Fulgudog X
74%
Talent 2 Nigosier X
74%
Talent caché Nigosier X
74%
Talent 2 Embrochet X
74%
Talent 2 Hastacuda X
74%
Talent 2 Poulpaf X
74%
Talent 2 Krakos X
74%
Talent 2 Théffroi X
74%
Talent 2 Polthégeist X
74%
Talent 2 Corayôme X
74%
Talent 2 Palarticho X
74%
Talent 2 Tutétékri X
74%
Talent caché Tutétékri X
74%
Talent 2 Crèmy X
74%
Talent 2 Charmilly X
74%
Talent 2 Hexadron X
74%
Talent 2 Wattapik X
74%
Talent 2 Frissonille X
74%
Talent 2 Beldeneige X
74%
Talent 2 Dolman X
74%
Talent caché Dolman X
74%
Talent 2 Bekaglaçon X
74%
Talent caché Bekaglaçon X
74%
Talent 2 Morpeko X
74%
Talent caché Morpeko X
74%
Talent 2 Charibari X
74%
Talent 2 Pachyradjah X
74%
Talent 2 Zacian X
74%
Talent caché Zacian X
74%
Talent 2 Zamazenta X
74%
Talent caché Zamazenta X
74%
Talent 2 Éthernatos X
74%
Talent caché Éthernatos X
74%
Talent 2 Wushours X
74%
Talent caché Wushours X
74%
Talent 2 Shifours X
74%
Talent caché Shifours X
74%
Talent 2 Zarude X
74%
Talent caché Zarude X
74%
Talent 2 Regieleki X
74%
Talent caché Regieleki X
74%
Talent 2 Regidrago X
74%
Talent caché Regidrago X
74%
Talent 2 Blizzeval X
74%
Talent caché Blizzeval X
74%
Talent 2 Spectreval X
74%
Talent caché Spectreval X
74%
Talent 2 Sylveroy X
74%
Talent caché Sylveroy X
74%
Talent 2 Sylveroy (CF) X
74%
Talent caché Sylveroy (CF) X
74%
Talent 2 Sylveroy (CE) X
74%
Talent caché Sylveroy (CE) X
74%
Talent 2 Ursaking (LV) X
74%
Talent caché Ursaking (LV) X
74%
Talent 2 Amovénus (A) X
74%
Talent 2 Amovénus (T) X
74%
Talent caché Amovénus (T) X
74%
Talent 1 Tutétékri Âme Vagabonde
70%
Talent 1 Wimessir (M) Attention
70%
Talent 1 Wushours Attention
70%
Talent 2 Khélocrok Coque Armure
70%
Talent 2 Torgamord Coque Armure
70%
Talent caché Corayôme Corps Condamné
70%
Talent 1 Regidrago Dent de Dragon
70%
Talent 1 Larvadar Essaim
70%
Talent 1 Coléodôme Essaim
70%
Talent 1 Astronelle Essaim
70%
Talent 1 Hachécateur Essaim
70%
Talent 2 Berserkatt Griffe Dure
70%
Talent 1 Amovénus (A) Joli Sourire
70%
Talent 1 Zacian Lame Indomptable
70%
Talent 1 Wattapik Paratonnerre
70%
Talent 1 Qwilpik Point Poison
70%
Talent caché Embrochet Propulseur
70%
Talent caché Hastacuda Propulseur
70%
Talent 1 Charibari Sans Limite
70%
Talent 1 Pachyradjah Sans Limite
70%
Talent 2 Hachécateur Sans Limite
70%
Talent 1 Spectreval Sombre Ruade
70%
Talent 1 Regieleki Transistor
70%
Talent 2 Paragruel Adaptabilité
65%
Talent caché Pomdrapi Agitation
65%
Talent 2 Galvagon Agitation
65%
Talent 1 Berserkatt Armurbaston
65%
Talent 1 Hexadron Armurbaston
65%
Talent 1 Blizzeval Blanche Ruade
65%
Talent caché Berserkatt Boost Acier
65%
Talent 2 M. Glaquette Brise-Barrière
65%
Talent 1 Dolman Cercle d'Énergie
65%
Talent caché Galvagla Chasse-Neige
65%
Talent caché Hydragla Chasse-Neige
65%
Talent caché Minisange Cœur de Coq
65%
Talent caché Bleuseille Cœur de Coq
65%
Talent caché Frissonille Écailles Glacées
65%
Talent caché Beldeneige Écailles Glacées
65%
Talent caché Bibichut Miroir Magik
65%
Talent caché Chapotus Miroir Magik
65%
Talent caché Sorcilence Miroir Magik
65%
Talent 2 Larvadar Œil Composé
65%
Talent 2 Coléodôme Œil Composé
65%
Talent 1 Minisange Regard Vif
65%
Talent 1 Bleuseille Regard Vif
65%
Talent 2 Toxizap Statik
65%
Talent 2 Galvagla Statik
65%
Talent 1 Hydragon Absorbe-Eau
61%
Talent 1 Hydragla Absorbe-Eau
61%
Talent 1 Galvagon Absorbe-Volt
61%
Talent 1 Galvagla Absorbe-Volt
61%
Talent 1 Morpeko Déclic Fringale
61%
Talent 1 Nigosier Dégobage
61%
Talent 1 Zarude Feuille Garde
61%
Talent 2 Astronelle Fouille
61%
Talent 2 Grimalin Fouille
61%
Talent 2 Fourbelin Fouille
61%
Talent 2 Angoliath Fouille
61%
Talent 2 Cerbyllin Fouille
61%
Talent caché Hachécateur Incisif
61%
Talent 1 Sylveroy (CF) Osmose Équine
61%
Talent 1 Sylveroy (CE) Osmose Équine
61%
Talent 2 Salarsen (A) Plus
61%
Talent caché Palarticho Querelleur
61%
Talent 2 Tournicoton Régé-Force
61%
Talent 2 Blancoton Régé-Force
61%
Talent caché Salarsen (A) Technicien
61%
Talent caché Salarsen (G) Technicien
61%
Talent caché Poulpaf Technicien
61%
Talent caché Krakos Technicien
61%
Talent caché Farfurex Toxitouche
61%
Talent caché Ixon Acharné
57%
Talent caché Hexadron Acharné
57%
Talent 2 Goupilou Délestage
57%
Talent 2 Roublenard Délestage
57%
Talent 2 Farfurex Délestage
57%
Talent 1 Tournicoton Effilochage
57%
Talent 1 Blancoton Effilochage
57%
Talent 1 Crèmy Gluco-Voile
57%
Talent 1 Charmilly Gluco-Voile
57%
Talent 2 Salarsen (G) Moins
57%
Talent 2 Dunaja Mue
57%
Talent 2 Dunaconda Mue
57%
Talent 1 Ursaking (LV) Œil Révélateur
57%
Talent caché Larvadar Télépathe
57%
Talent caché Coléodôme Télépathe
57%
Talent caché Astronelle Télépathe
57%
Talent caché Dunaja Voile Sable
57%
Talent caché Dunaconda Voile Sable
57%
Talent 1 Amovénus (T) Envelocape
52%
Talent caché Duralugon Nerfs d'Acier
52%
Talent caché Moumouton Pare-Balles
52%
Talent caché Moumouflon Pare-Balles
52%
Talent caché Verpom Pare-Balles
52%
Talent 2 Ursaking Pare-Balles
52%
Talent caché Voltoutou Phobique
52%
Talent 1 Toxizap Phobique
52%
Talent caché Grimalin Pickpocket
52%
Talent caché Fourbelin Pickpocket
52%
Talent caché Angoliath Pickpocket
52%
Talent caché Tournicoton Pose Spore
52%
Talent caché Blancoton Pose Spore
52%
Talent 2 Wimessir (M) Synchro
52%
Talent 2 Wimessir (F) Synchro
52%
Talent 2 Bibichut Anticipation
48%
Talent 2 Chapotus Anticipation
48%
Talent 2 Sorcilence Anticipation
48%
Talent caché Crèmy Aroma-Voile
48%
Talent caché Charmilly Aroma-Voile
48%
Talent 1 Poulpaf Échauffement
48%
Talent 1 Krakos Échauffement
48%
Talent 1 Frissonille Écran Poudre
48%
Talent 1 Beldeneige Écran Poudre
48%
Talent caché Cerbyllin Herbivore
48%
Talent caché Fulgudog Battant
43%
Talent 2 Grillepattes Écran Fumée
43%
Talent 2 Scolocendre Écran Fumée
43%
Talent 2 Charbi Ignifugé
43%
Talent 2 Moumouflon Impassible
43%
Talent 1 Palarticho Impassible
43%
Talent 1 Verpom Mûrissement
43%
Talent 1 Pomdrapi Mûrissement
43%
Talent 1 Dratatin Mûrissement
43%
Talent 1 Ixon Téméraire
43%
Talent caché Goupilou Filature
39%
Talent caché Roublenard Filature
39%
Talent 1 M. Glaquette Pieds Confus
39%
Talent 1 Wimessir (F) Tempo Perso
39%
Talent caché Paragruel Brise Moule
35%
Talent caché Toxizap Maladresse
35%
Aucun quiz correspondant
Distribution des résultats
% des personnes avec chaque résultat
Percentile par nombre de réponses
Votre historique - résultats
Vous n’avez pas pris ce quiz